| 000 | 00336nam a2200133Ia 4500 | ||
|---|---|---|---|
| 005 | 20260328101444.0 | ||
| 008 | 260328s9999||||xx |||||||||||||| ||und|| | ||
| 100 | _aOlgyay, Victor | ||
| 245 | 0 |
_aClima y Arquitectura en Colombia / _cVictor Olgyay |
|
| 260 | _bCarvajal | ||
| 300 | _a240 p. | ||
| 650 | _aARQUITECTURA Y CLIMA | ||
| 942 | _cBK | ||
| 999 |
_c8382 _d8382 |
||